Score 0/38 Timer 07:00
5 Plays Today
Hint Character % Correct
Spike hooked up with Shane and had a daughter named ___Emma
99.3%
Who went on her first date with ___Sean
93.4%
Who got ___ pregnantManny
88.5%
Who moved in with ___Ellie
88.5%
Who had a crush on her bandmate ___Craig
88%
Who was on and off with her girlfriend ___Paige
85.2%
Who was fake engaged to ___Jay
84.5%
Who dated ___ before she realized she was a lesbianAlex
84.2%
Who dated ___ and wrecked his carSpinner
83.5%
Who dated ___ before he diedJT
83.5%
Who had a baby with ___ and gave it up for adoptionLiberty
83%
Who dated teenage mother ___Mia
80.8%
Who went out with ___, from Friendship ClubDarcy
80.8%
Who had sex with ___Peter
78.9%
Who actually went to prom with ___Emma
71.4%
Who hooked up with ___ at promDamian
68.1%
Who ___ had a crush on in junior highToby
67.9%
Who went out with ___ before she became gothAshley
67.7%
Who dated her only boyfriend ___Jimmy
66.6%
Hint Character % Correct
Who was kissed by ___ during Saturday detentionHazel
64.3%
Who hooked-up with ___ when she was on ecstasySean
61%
Who videotaped ___ topless after she wouldn't go out with himManny
57%
Who hooked-up with ___ in a vanEmma
56.6%
Who got gonorrhea from ___Jay
55.9%
Who dated ___ when she was anorexicPeter
54.8%
Who went out with ___ after flirting with him at the car washSpinner
51.2%
Who had a crush on ___ until she came to the school dance drunkTerri
46.5%
Who developed a crush on ___Emma
46.1%
Who went out with her abusive boyfriend ___Rick
46.1%
Who was kissed by ___ out of desperation to make his boyfriend jealousMarco
45.5%
Who dated ___ before he realized he was gayEllie
45.3%
Who had a crush on ___ at the 80s danceCraig
42.4%
Who kissed her roommate ___ to prove that a kiss means nothingPaige
40.7%
Who dated ___ during his 'bad' phase when he was stealing laptopsAmy
40.4%
Who went on a date with ___ on a dareJT
37.3%
Who dated ___ until she realized he was too immatureManny
37%
Who dated his roommate ___Emma
33.7%
Who had a crush on her roommate ___Kelly
31.7%
Remove Ads.
Support Sporcle.
Get the best of Sporcle when you Go Orange. This ad-free experience offers more features, more stats, and more fun while also helping to support Sporcle. Thank you for becoming a member.

You're not logged in!

Compare scores with friends on all Sporcle quizzes.
OR
Log In

Show Comments

Extras

Top Quizzes Today


Score Distribution

Your Account Isn't Verified!

In order to create a playlist on Sporcle, you need to verify the email address you used during registration. Go to your Sporcle Settings to finish the process.

Report this User

Report this user for behavior that violates our Community Guidelines.

Details: